00918nam a22002177a 4500003000500000005001700005008004100022010001100063011001100074035001100085040000900096100003600105245020400141260004000345500006000385502011200445650002500557650003400582650002000616856006400636CHAP20220329143832.0111115s2011 mx r 00010 spa d a102539 a103511 a114200 cCHAP1 aOlvera Varela, Martín Leonel.10aCostos de producción y comercialización de tuna (Opuntia ficus - indica L.) en la localidad de Icaño, departamento la Paz, Catamarca, Argentinah[En línea]c/por Martín Leonel Olvera Varela aChapingo, Méx. :bEl autor,c2011 aPara ver el contenido del material haga clic en la liga aTesis (Ing. Agr. Esp. en Economía Agrícola) -- UACH. División de Ciencias Económico Administrativas14aCultivosxArgentina.14aTunaxCostos de producción.14aTunaxMercadeo. 3Finding aiduhttp://10.13.5.2/tesis/114200.pdfzTeclea aqui